[Event "Campeonato de España sub-18 2011"]
[Site "Padron ESP"]
[Date "2011.07.29"]
[Round "7.14"]
[White "Alvarado Diaz, Alejandro"]
[Black "Acosta Sosa, Juan Manuel"]
[Result "1-0"]
[WhiteElo "2181"]
[BlackElo "2088"]
[PlyCount "47"]
[EventDate "2011.07.25"]
[EventType "swiss"]
[EventRounds "9"]
[EventCountry "ESP"]
[Source "lmi"]
[SourceDate "2011.07.25"]

1. a3 Nf6 2. Nf3 d5 3. e3 Bg4 4. Be2 Nbd7 5. d4 e6 6. O-O Bd6 7. Nbd2 O-O 8. c4
c6 9. b4 e5 10. dxe5 Nxe5 11. Bb2 Nxf3+ 12. Bxf3 Bxf3 13. Qxf3 Be7 14. Rad1
dxc4 15. Nxc4 Qc7 16. e4 Rad8 17. Ne3 Nd7 18. Nf5 Bf6 19. Rxd7 Rxd7 20. Bxf6
Rc8 21. Bxg7 f6 22. Bxf6 Kf8 23. e5 Re8 24. Nd6 1-0

[Event "Campeonato de España sub-18 2011"]
[Site "Padron ESP"]
[Date "2011.07.29"]
[Round "7.15"]
[White "Nicolas Zapata, Javier"]
[Black "Baragaño Campa, David"]
[Result "1/2-1/2"]
[WhiteElo "1982"]
[BlackElo "2188"]
[PlyCount "85"]
[EventDate "2011.07.25"]
[EventType "swiss"]
[EventRounds "9"]
[EventCountry "ESP"]
[Source "lmi"]
[SourceDate "2011.07.25"]

1. e4 c5 2. Nf3 e6 3. d4 cxd4 4. Nxd4 Nc6 5. Nc3 Qc7 6. Be2 a6 7. O-O Nf6 8.
Be3 Bb4 9. Na4 Be7 10. Nxc6 bxc6 11. Nb6 Rb8 12. Nxc8 Qxc8 13. Bd4 c5 14. Be5
Rb6 15. Qd3 d6 16. Bc3 O-O 17. e5 Nd5 18. exd6 Bxd6 19. g3 Qb8 20. Rab1 Be5 21.
Bxe5 Qxe5 22. f4 Qd4+ 23. Qxd4 cxd4 24. Rfd1 Rc8 25. Rxd4 Rxc2 26. Rc4 Rxc4 27.
Bxc4 g6 28. Bxd5 exd5 29. Kf2 Kf8 30. Ke3 Ke7 31. Kd4 Kd6 32. b3 a5 33. a3 Rb5
34. b4 h5 35. h3 f6 36. g4 hxg4 37. hxg4 Kd7 38. g5 fxg5 39. fxg5 Ke6 40. Rb2
Kd6 41. Rf2 axb4 42. Rf6+ Ke7 43. axb4 1/2-1/2

[Event "Campeonato de España sub-18 2011"]
[Site "Padron ESP"]
[Date "2011.07.29"]
[Round "7.16"]
[White "Navia Martin, Sergio"]
[Black "Moral Garcia, Serafin      "]
[Result "0-1"]
[WhiteElo "1974"]
[BlackElo "2182"]
[PlyCount "92"]
[EventDate "2011.07.25"]
[EventType "swiss"]
[EventRounds "9"]
[EventCountry "ESP"]
[Source "lmi"]
[SourceDate "2011.07.25"]

1. d4 Nf6 2. c4 g6 3. Nc3 Bg7 4. Nf3 O-O 5. e4 d6 6. g3 c6 7. Bg2 Qa5 8. O-O
Bg4 9. h3 Bxf3 10. Qxf3 Nfd7 11. Rd1 c5 12. d5 a6 13. Bg5 Bf6 14. Bxf6 exf6 15.
Qe2 Re8 16. f4 Nf8 17. Kh2 Nbd7 18. Qd3 Rab8 19. a4 Kg7 20. h4 Qd8 21. Rg1 h6
22. Bh3 Nh7 23. Raf1 Rg8 24. h5 Nhf8 25. Ne2 Qe7 26. g4 Kh8 27. Ng3 Nh7 28. Qc3
b5 29. axb5 axb5 30. b3 bxc4 31. bxc4 Rb4 32. g5 hxg5 33. Bxd7 gxf4 34. hxg6
fxg3+ 35. Rxg3 Rxg6 36. Bf5 Rxg3 37. Qxg3 Ng5 38. Qh4+ Kg7 39. Rg1 Qe5+ 40. Kh1
Kf8 41. Qh8+ Ke7 42. Qc8 Qf4 43. Qd7+ Kf8 44. Bh3 Qxe4+ 45. Rg2 Rb1+ 46. Kh2
Qf4+ 0-1

[Event "Campeonato de España sub-18 2011"]
[Site "Padron ESP"]
[Date "2011.07.30"]
[Round "8.1"]
[White "Forcen Esteban, Daniel"]
[Black "Coll Ortega, Jordi"]
[Result "0-1"]
[WhiteElo "2441"]
[BlackElo "2303"]
[PlyCount "78"]
[EventDate "2011.07.25"]
[EventType "swiss"]
[EventRounds "9"]
[EventCountry "ESP"]
[Source "lmi"]
[SourceDate "2011.07.25"]

1. e4 c5 2. Nf3 e6 3. d4 cxd4 4. Nxd4 Nc6 5. Nc3 Qc7 6. g3 a6 7. Bg2 d6 8. O-O
Bd7 9. Re1 Be7 10. Nxc6 Bxc6 11. Qg4 h5 12. Qe2 h4 13. a4 hxg3 14. hxg3 Nf6 15.
a5 Rc8 16. Be3 Nd7 17. Bd4 Kf8 18. Nd5 Bxd5 19. exd5 e5 20. Be3 f5 21. Rec1 Qc4
22. Qxc4 Rxc4 23. Bf1 Rc7 24. b4 g5 25. c4 Kf7 26. Ra3 e4 27. Be2 Kg6 28. Kg2
Bf6 29. Rh1 Rxh1 30. Kxh1 Be5 31. b5 axb5 32. Bb6 Nxb6 33. axb6 Rh7+ 34. Kg1 b4
35. Rb3 Bc3 36. Rb1 Kf6 37. Bd1 Ke5 38. Ba4 Kd4 39. Kg2 Kxc4 0-1

[Event "Campeonato de España sub-18 2011"]
[Site "Padron ESP"]
[Date "2011.07.30"]
[Round "8.2"]
[White "Ladron De Guevara Pinto, Paolo"]
[Black "Pardo Simon, David"]
[Result "1/2-1/2"]
[WhiteElo "2269"]
[BlackElo "2388"]
[PlyCount "91"]
[EventDate "2011.07.25"]
[EventType "swiss"]
[EventRounds "9"]
[EventCountry "ESP"]
[Source "lmi"]
[SourceDate "2011.07.25"]

1. e4 Nc6 2. Nf3 Nf6 3. e5 Nd5 4. Nc3 Nxc3 5. dxc3 d6 6. exd6 Qxd6 7. Be3 Bg4
8. Be2 O-O-O 9. Nd4 Bxe2 10. Qxe2 e5 11. Nxc6 Qxc6 12. O-O Kb8 13. a4 f5 14. f4
exf4 15. Rxf4 Bc5 16. Bxc5 Qxc5+ 17. Qf2 Qxf2+ 18. Rxf2 g6 19. Re1 Rhe8 20.
Rfe2 Rxe2 21. Rxe2 b6 22. Kf2 Rd1 23. Kg3 Rf1 24. h4 Rh1 25. b3 f4+ 26. Kxf4
Rxh4+ 27. Kf3 Rh1 28. Kg4 h6 29. g3 a5 30. Re6 h5+ 31. Kg5 Rg1 32. Re3 Rg2 33.
c4 Kb7 34. c3 c5 35. Kf6 Ka6 36. Rf3 Rg1 37. Re3 Kb7 38. Re7+ Kc6 39. Re3 Kb7
40. Rf3 Rg2 41. Re3 Kc7 42. Re7+ Kd8 43. Re3 Rg1 44. Rd3+ Ke8 45. Re3+ Kd7 46.
Re7+ 1/2-1/2

[Event "Campeonato de España sub-18 2011"]
[Site "Padron ESP"]
[Date "2011.07.30"]
[Round "8.3"]
[White "Martinez Ramirez, Erik"]
[Black "Fernandez Garcia, Jose Miguel"]
[Result "0-1"]
[WhiteElo "2257"]
[BlackElo "2285"]
[PlyCount "94"]
[EventDate "2011.07.25"]
[EventType "swiss"]
[EventRounds "9"]
[EventCountry "ESP"]
[Source "lmi"]
[SourceDate "2011.07.25"]

1. e4 Nc6 2. Nf3 Nf6 3. Nc3 d5 4. exd5 Nxd5 5. Bb5 Nxc3 6. Bxc6+ bxc6 7. dxc3
Qxd1+ 8. Kxd1 f6 9. Ne1 Bg4+ 10. f3 O-O-O+ 11. Ke2 Bf5 12. Be3 e5 13. Rd1 Be7
14. Rxd8+ Rxd8 15. c4 g5 16. g4 Be6 17. b3 e4 18. Rg1 h5 19. h3 hxg4 20. hxg4
exf3+ 21. Kxf3 Kb8 22. Nd3 Rh8 23. Bc5 Bd6 24. Bxd6 cxd6 25. Nf2 Kc7 26. Ne4 d5
27. Nc5 Rh3+ 28. Rg3 Rxg3+ 29. Kxg3 Kd6 30. Nb7+ Ke5 31. Nd8 Bd7 32. cxd5 cxd5
33. c3 Ke4 34. Nb7 Ke3 35. Nc5 Bc8 36. Na4 Bd7 37. Nc5 Bc6 38. b4 Kd2 39. a4
Kxc3 40. b5 Be8 41. Ne6 d4 42. Kf2 d3 43. Nc7 d2 44. Nd5+ Kd3 45. Ne3 Bd7 46.
Kf3 Bxg4+ 47. Nxg4 d1=Q+ 0-1

[Event "Campeonato de España sub-18 2011"]
[Site "Padron ESP"]
[Date "2011.07.30"]
[Round "8.4"]
[White "Cruz Lledo, Pablo"]
[Black "Alcaraz Ortega, Javier"]
[Result "0-1"]
[WhiteElo "2269"]
[BlackElo "2248"]
[PlyCount "106"]
[EventDate "2011.07.25"]
[EventType "swiss"]
[EventRounds "9"]
[EventCountry "ESP"]
[Source "lmi"]
[SourceDate "2011.07.25"]

1. d4 d5 2. c4 c6 3. Nf3 Nf6 4. Nc3 Qb6 5. c5 Qc7 6. g3 b6 7. Bf4 Qb7 8. cxb6
axb6 9. Bg2 h6 10. Qc2 g6 11. Ne5 Bf5 12. Qb3 Bg7 13. e4 Be6 14. exd5 cxd5 15.
O-O O-O 16. Rfe1 g5 17. Be3 Rd8 18. f4 gxf4 19. Bxf4 Nc6 20. Qd1 Nxe5 21. Bxe5
Bf5 22. h3 Bg6 23. Ne2 Be4 24. Nf4 Qd7 25. Rf1 b5 26. Kh2 Rac8 27. Bxe4 Nxe4
28. Bxg7 Kxg7 29. Nh5+ Kg8 30. Rc1 Rc6 31. Rxc6 Qxc6 32. Qf3 Qe6 33. Nf4 Qf6
34. Qg2 Qxd4 35. Qe2 Qg7 36. Nh5 Qg6 37. Rf4 Rc8 38. Qd1 Ng5 39. Rf2 Qe6 40.
Nf4 Qe3 41. Re2 Qf3 42. Qe1 e6 43. Ng2 Rc1 44. Qf2 d4 45. h4 Qxf2 46. Rxf2 Ne4
47. Rf4 f5 48. g4 d3 49. gxf5 d2 50. Ne3 exf5 51. Nxf5 d1=Q 52. Ne7+ Kg7 53.
Nf5+ Kh7 0-1

[Event "Campeonato de España sub-18 2011"]
[Site "Padron ESP"]
[Date "2011.07.30"]
[Round "8.5"]
[White "Arribas Lopez, Angel"]
[Black "Galan Martin, Alejandro"]
[Result "1-0"]
[WhiteElo "2443"]
[BlackElo "2018"]
[PlyCount "53"]
[EventDate "2011.07.25"]
[EventType "swiss"]
[EventRounds "9"]
[EventCountry "ESP"]
[Source "lmi"]
[SourceDate "2011.07.25"]

1. e4 e6 2. b3 d5 3. Bb2 Nf6 4. e5 Nfd7 5. f4 c5 6. Nf3 Nc6 7. Bb5 Be7 8. O-O
Qb6 9. c4 d4 10. d3 a6 11. Ba4 Qc7 12. Nbd2 Rb8 13. Bxc6 Qxc6 14. Ne4 b5 15.
Rc1 b4 16. Nfg5 Bb7 17. Qh5 g6 18. Qh6 Bf8 19. Qh3 h5 20. Rce1 Qc7 21. Nxf7
Kxf7 22. Ng5+ Kg8 23. Qxe6+ Kg7 24. f5 Qc6 25. Qf7+ Kh6 26. Ne4 Bg7 27. Bc1+
1-0

[Event "Campeonato de España sub-18 2011"]
[Site "Padron ESP"]
[Date "2011.07.30"]
[Round "8.6"]
[White "Colon Garcia, Enrique"]
[Black "Alvarado Diaz, Alejandro"]
[Result "1-0"]
[WhiteElo "2276"]
[BlackElo "2181"]
[PlyCount "37"]
[EventDate "2011.07.25"]
[EventType "swiss"]
[EventRounds "9"]
[EventCountry "ESP"]
[Source "lmi"]
[SourceDate "2011.07.25"]

1. e4 Nf6 2. e5 Nd5 3. d4 d6 4. Nf3 Bg4 5. Be2 Nc6 6. c4 Nb6 7. e6 fxe6 8. Nc3
Qd7 9. O-O g6 10. d5 Bxf3 11. Bxf3 Ne5 12. Be2 exd5 13. cxd5 h5 14. f4 Ng4 15.
a4 Bg7 16. a5 Nc8 17. Qd3 Kf7 18. Ne4 Bf6 19. h3 1-0

[Event "Campeonato de España sub-18 2011"]
[Site "Padron ESP"]
[Date "2011.07.30"]
[Round "8.7"]
[White "Fernandez Lledo, Javier"]
[Black "Jordan Martinez, Miguel"]
[Result "1/2-1/2"]
[WhiteElo "2204"]
[BlackElo "2189"]
[PlyCount "61"]
[EventDate "2011.07.25"]
[EventType "swiss"]
[EventRounds "9"]
[EventCountry "ESP"]
[Source "lmi"]
[SourceDate "2011.07.25"]

1. e4 e6 2. d4 d5 3. Nd2 Nf6 4. e5 Nfd7 5. f4 c5 6. c3 cxd4 7. cxd4 Nc6 8. Ndf3
Bb4+ 9. Bd2 Qb6 10. Bxb4 Qxb4+ 11. Qd2 Qxd2+ 12. Kxd2 f6 13. Bd3 O-O 14. Rc1
Nb6 15. b3 Bd7 16. Ne2 Be8 17. g4 Bg6 18. Bxg6 hxg6 19. h4 Rac8 20. Ne1 Nb4 21.
Rxc8 Nxc8 22. a3 Nc6 23. Nd3 Kf7 24. h5 gxh5 25. Rxh5 N8e7 26. b4 f5 27. g5 Rc8
28. Rh1 b6 29. a4 Ng6 30. Rc1 Nh4 31. Ke3 1/2-1/2

[Event "Campeonato de España sub-18 2011"]
[Site "Padron ESP"]
[Date "2011.07.30"]
[Round "8.8"]
[White "Aranaz Murillo, Amalia"]
[Black "Pruja Ramirez De Cartagena, Marc"]
[Result "1-0"]
[WhiteElo "2176"]
[BlackElo "2269"]
[PlyCount "49"]
[EventDate "2011.07.25"]
[EventType "swiss"]
[EventRounds "9"]
[EventCountry "ESP"]
[Source "lmi"]
[SourceDate "2011.07.25"]

1. Nf3 Nf6 2. c4 e6 3. g3 d5 4. Bg2 dxc4 5. Qa4+ Nbd7 6. Qxc4 a6 7. d4 b5 8.
Qc6 Rb8 9. Bf4 Nd5 10. Bg5 Be7 11. Bxe7 Qxe7 12. Nc3 Nb4 13. Qxc7 Nc2+ 14. Kd1
Nxa1 15. Ne5 O-O 16. Nc6 Qf6 17. Ne4 Qh6 18. Nxb8 Nf6 19. Nxf6+ Qxf6 20. Qf4
Qg6 21. Be4 f5 22. Bf3 Qf6 23. Kd2 Qe7 24. Nc6 Qd7 25. Rxa1 1-0

[Event "Campeonato de España sub-18 2011"]
[Site "Padron ESP"]
[Date "2011.07.30"]
[Round "8.9"]
[White "Garcia Salamero, Gabriel"]
[Black "Navarro Molina, David"]
[Result "1-0"]
[WhiteElo "2247"]
[BlackElo "2161"]
[PlyCount "121"]
[EventDate "2011.07.25"]
[EventType "swiss"]
[EventRounds "9"]
[EventCountry "ESP"]
[Source "lmi"]
[SourceDate "2011.07.25"]

1. e4 c5 2. Nf3 e6 3. d4 cxd4 4. Nxd4 Nc6 5. Nc3 Qc7 6. g3 a6 7. Bg2 Nf6 8.
Nde2 Bc5 9. O-O d6 10. a4 Rb8 11. h3 h6 12. g4 e5 13. Ng3 g5 14. Nd5 Qd8 15.
Qf3 Nxd5 16. exd5 Ne7 17. Be3 Ng6 18. Bxc5 dxc5 19. Qe3 b6 20. a5 f6 21. axb6
Qxb6 22. Ne4 O-O 23. b3 f5 24. gxf5 Rxf5 25. Qxc5 Nf4 26. Rfe1 Nxg2 27. Kxg2
Qg6 28. Nd6 Rf8 29. Re3 Qf6 30. Ne4 Qf4 31. Rae1 Bf5 32. d6 Rb5 33. Qc4+ Kh8
34. R1e2 Bg6 35. Ng3 Qxc4 36. bxc4 Rc5 37. Rxe5 Rxc4 38. d7 Kg8 39. Re8 Rd4 40.
R2e6 Bf7 41. R6e7 Bg6 42. Nf5 Bxf5 43. Rxf8+ Kxf8 44. Re8+ Kf7 45. d8=Q Rxd8
46. Rxd8 Bxc2 47. Rd6 h5 48. Rxa6 h4 49. f4 gxf4 50. Rh6 Be4+ 51. Kf2 f3 52.
Rxh4 Bd5 53. Rg4 Kf6 54. h4 Bf7 55. Rg5 Be8 56. Kxf3 Ba4 57. Kf4 Bc2 58. h5 Bb1
59. h6 Kf7 60. Rg7+ Kf6 61. Rb7 1-0

[Event "Campeonato de España sub-18 2011"]
[Site "Padron ESP"]
[Date "2011.07.30"]
[Round "8.10"]
[White "Meneses Gonzalez, Kevin"]
[Black "Beltran De Heredia E, Miguel A"]
[Result "1/2-1/2"]
[WhiteElo "2226"]
[BlackElo "2127"]
[PlyCount "97"]
[EventDate "2011.07.25"]
[EventType "swiss"]
[EventRounds "9"]
[EventCountry "ESP"]
[Source "lmi"]
[SourceDate "2011.07.25"]

1. e4 c5 2. Nf3 e6 3. d4 cxd4 4. Nxd4 Nc6 5. Nc3 Qc7 6. Be3 Nf6 7. Be2 Be7 8.
O-O a6 9. f4 d6 10. Qe1 O-O 11. Qg3 Nxd4 12. Bxd4 b5 13. a3 Bb7 14. Bd3 Rac8
15. Kh1 g6 16. Rae1 Nh5 17. Qe3 e5 18. Bb6 exf4 19. Rxf4 Qd7 20. Rff1 Qe6 21.
Bd4 Bf6 22. Be2 Bxd4 23. Qxd4 Rc5 24. Rd1 Re8 25. Qxd6 Qxd6 26. Rxd6 Bxe4 27.
Rxa6 Bxc2 28. Rc1 Ba4 29. Bxh5 gxh5 30. Kg1 Kg7 31. Rf1 Bc2 32. Ra7 Bg6 33. Rf4
Rd8 34. Rb7 Rd2 35. Rf2 Rxf2 36. Kxf2 Bd3 37. g3 Re5 38. Rb6 Bc4 39. Kf3 f6 40.
Kf4 Bd3 41. Rd6 Bc2 42. Rd5 Rxd5 43. Nxd5 Kg6 44. Ne7+ Kf7 45. Nf5 Kg6 46. Nd6
Bd3 47. Ke3 Bf1 48. Kd4 h4 49. Ke4 1/2-1/2

[Event "Campeonato de España sub-18 2011"]
[Site "Padron ESP"]
[Date "2011.07.30"]
[Round "8.11"]
[White "Suarez Uriel, Adrián"]
[Black "Rodriguez Ferraz, Borja"]
[Result "0-1"]
[WhiteElo "2217"]
[BlackElo "2125"]
[PlyCount "78"]
[EventDate "2011.07.25"]
[EventType "swiss"]
[EventRounds "9"]
[EventCountry "ESP"]
[Source "lmi"]
[SourceDate "2011.07.25"]

1. e4 e5 2. Nf3 Nc6 3. Bb5 a6 4. Ba4 Nf6 5. O-O Bc5 6. d3 d6 7. c3 Ba7 8. Nbd2
O-O 9. Bc2 Be6 10. Re1 Ng4 11. Re2 Bxf2+ 12. Rxf2 Ne3 13. Qe2 Nxc2 14. Rb1 Bxa2
15. b3 Bxb1 16. Nxb1 Na1 17. Qa2 Nxb3 18. Qxb3 Qd7 19. Na3 b5 20. Nc2 Nd8 21.
Ne3 Ne6 22. Nh4 a5 23. Nhf5 Kh8 24. Qd1 f6 25. Qg4 Nf4 26. Qd1 c5 27. Rxf4 exf4
28. Nd5 Ra6 29. Bxf4 a4 30. Qh5 Qf7 31. Qd1 a3 32. Nxd6 Qd7 33. Qa1 Rxd6 34.
Bxd6 Qxd6 35. Qxa3 Rb8 36. h3 b4 37. cxb4 cxb4 38. Qb3 Qa6 39. Nc7 Qa7+ 0-1

[Event "Campeonato de España sub-18 2011"]
[Site "Padron ESP"]
[Date "2011.07.30"]
[Round "8.12"]
[White "Angeleri Gastana, Rodrigo N"]
[Black "Rioboo De Larriva, Alvaro"]
[Result "1/2-1/2"]
[WhiteElo "2073"]
[BlackElo "2215"]
[PlyCount "163"]
[EventDate "2011.07.25"]
[EventType "swiss"]
[EventRounds "9"]
[EventCountry "ESP"]
[Source "lmi"]
[SourceDate "2011.07.25"]

1. e4 e6 2. d4 d5 3. Nd2 Nf6 4. e5 Nfd7 5. Bd3 c5 6. c3 Nc6 7. Ngf3 g5 8. dxc5
g4 9. Nd4 Ncxe5 10. Bb5 Bxc5 11. Qe2 Qc7 12. O-O a6 13. Ba4 b5 14. Bc2 Bxd4 15.
cxd4 Qxc2 16. dxe5 Rg8 17. Qe3 Qc7 18. Re1 Bb7 19. Nb3 Rg6 20. Nd4 Nc5 21. Bd2
Ne4 22. Qf4 Rc8 23. Rac1 Qb6 24. Rxc8+ Bxc8 25. Rc1 Bd7 26. Be3 Qa5 27. a3 h5
28. Ne2 h4 29. Nc3 Nxc3 30. Rxc3 Qa4 31. Qxa4 bxa4 32. Bd4 Rg5 33. Rc7 Rf5 34.
Rb7 Bb5 35. Rb8+ Kd7 36. Rg8 Rf4 37. Be3 Re4 38. Rf8 d4 39. Rxf7+ Ke8 40. Rf4
Rxf4 41. Bxf4 Kd7 42. f3 gxf3 43. gxf3 Kc6 44. Kf2 Kd5 45. Ke1 Kc4 46. Kd2 h3
47. Bh6 Kb3 48. Kc1 Bc6 49. Bf8 Kc4 50. Kd2 Kd5 51. Bg7 Bb5 52. Ke1 Bd3 53. Bh8
Bg6 54. Ke2 Bh5 55. Bg7 Kc4 56. Bf6 Bg6 57. Kd2 Kb3 58. Kc1 Bh5 59. Kd2 Kxb2
60. Be7 Bg6 61. Bc5 Kb3 62. Bxd4 Kxa3 63. Kc3 Ka2 64. Bc5 Kb1 65. Kb4 Be8 66.
Ka3 Kc2 67. Bf2 Kd3 68. Bg3 Bc6 69. Bf4 Ke2 70. Bg3 Kxf3 71. Be1 Ke4 72. Bg3
Kd4 73. Bf4 Kc4 74. Bg3 Kd3 75. Be1 Ke2 76. Bg3 Ke3 77. Be1 Ke4 78. Bg3 Be8 79.
Kb2 Bh5 80. Ka3 Bd1 81. Kb2 Kd4 82. Ka3 1/2-1/2

[Event "Campeonato de España sub-18 2011"]
[Site "Padron ESP"]
[Date "2011.07.30"]
[Round "8.13"]
[White "Jimenez Almeida, Luis David"]
[Black "Nieto De La Cruz, Julio"]
[Result "1/2-1/2"]
[WhiteElo "1998"]
[BlackElo "2183"]
[PlyCount "101"]
[EventDate "2011.07.25"]
[EventType "swiss"]
[EventRounds "9"]
[EventCountry "ESP"]
[Source "lmi"]
[SourceDate "2011.07.25"]

1. Nf3 Nf6 2. c4 g6 3. d4 c5 4. Nc3 cxd4 5. Nxd4 Bg7 6. e4 d6 7. Be2 O-O 8. Be3
Nc6 9. f3 Nxd4 10. Bxd4 Be6 11. O-O a5 12. Kh1 Nd7 13. Bxg7 Kxg7 14. Qd4+ Kg8
15. b3 Qb6 16. Qd2 Nc5 17. Qh6 a4 18. f4 f5 19. exf5 Rxf5 20. Bg4 Rf7 21. Bxe6
Nxe6 22. Nd5 Qd4 23. Rad1 Qg7 24. Qh3 Nc5 25. Nb6 Raf8 26. b4 Ne4 27. Nd5 Qb2
28. Qe3 Nf6 29. Nxf6+ Qxf6 30. h3 Qb2 31. a3 Qb3 32. Qe4 Rxf4 33. Qd5+ Kh8 34.
Rxf4 Rxf4 35. Re1 Qg3 36. Rg1 Qxa3 37. Qxb7 Rf7 38. Qd5 Kg7 39. Qd4+ Kg8 40. c5
dxc5 41. bxc5 Qb3 42. c6 Qb8 43. Qxa4 Qc8 44. Qc4 e6 45. Rc1 Rc7 46. Qe4 Qe8
47. Qc4 Qc8 48. Qc5 Qd8 49. Rc4 Qd1+ 50. Kh2 Qd5 51. Qb6 1/2-1/2

[Event "Campeonato de España sub-18 2011"]
[Site "Padron ESP"]
[Date "2011.07.30"]
[Round "8.14"]
[White "Moral Garcia, Serafin      "]
[Black "Garro Beraza, Julen"]
[Result "0-1"]
[WhiteElo "2182"]
[BlackElo "1950"]
[PlyCount "44"]
[EventDate "2011.07.25"]
[EventType "swiss"]
[EventRounds "9"]
[EventCountry "ESP"]
[Source "lmi"]
[SourceDate "2011.07.25"]

1. e4 c5 2. Nf3 d6 3. d4 cxd4 4. Nxd4 Nf6 5. Nc3 a6 6. f3 e6 7. Be3 b5 8. g4 h6
9. Qd2 Nbd7 10. O-O-O Bb7 11. h4 b4 12. Na4 Qa5 13. b3 Nc5 14. a3 Nxa4 15. axb4
Qc7 16. bxa4 Nd7 17. a5 d5 18. f4 Nf6 19. e5 Ne4 20. Qe1 Nc3 21. Rd3 Bxb4 22.
Bd2 Ba3# 0-1

[Event "Campeonato de España sub-18 2011"]
[Site "Padron ESP"]
[Date "2011.07.30"]
[Round "8.15"]
[White "Sevilla Subiza, Javier"]
[Black "Gil Quilez, David"]
[Result "0-1"]
[WhiteElo "1918"]
[BlackElo "2182"]
[PlyCount "50"]
[EventDate "2011.07.25"]
[EventType "swiss"]
[EventRounds "9"]
[EventCountry "ESP"]
[Source "lmi"]
[SourceDate "2011.07.25"]

1. d4 f5 2. e4 fxe4 3. Nc3 Nf6 4. Bg5 c6 5. Bxf6 exf6 6. d5 Qb6 7. Qd2 Bc5 8.
Nxe4 Qxb2 9. Rd1 Qe5 10. Qe2 O-O 11. Nxc5 Qc3+ 12. Qd2 Qxc5 13. d6 Re8+ 14. Be2
b6 15. Kf1 Ba6 16. g3 Bc4 17. Kg2 Bxa2 18. Re1 Qd5+ 19. Nf3 Re6 20. Qxd5 Bxd5
21. c4 Be4 22. c5 bxc5 23. Bc4 Bd5 24. Rxe6 dxe6 25. Bxd5 cxd5 0-1

[Event "Campeonato de España sub-18 2011"]
[Site "Padron ESP"]
[Date "2011.07.30"]
[Round "8.16"]
[White "Garcia Perez, Javier"]
[Black "Montañes Arribas, Adrian"]
[Result "0-1"]
[WhiteElo "1957"]
[BlackElo "2177"]
[PlyCount "50"]
[EventDate "2011.07.25"]
[EventType "swiss"]
[EventRounds "9"]
[EventCountry "ESP"]
[Source "lmi"]
[SourceDate "2011.07.25"]

1. e4 c5 2. Nc3 d6 3. g3 g6 4. Bg2 Bg7 5. d3 Nc6 6. Be3 e5 7. f4 Nge7 8. Nf3
exf4 9. Bxf4 O-O 10. O-O Nd4 11. Qd2 Nxf3+ 12. Bxf3 Be6 13. Bh6 Nc6 14. Bxg7
Kxg7 15. Nd5 Bxd5 16. exd5 Ne5 17. d4 cxd4 18. Qxd4 Qc7 19. Rac1 Qc4 20. Qxc4
Nxc4 21. Rfe1 Ne5 22. Kg2 Rac8 23. Re2 Rc5 24. c3 g5 25. g4 Nd3 0-1

[Event "Campeonato de España sub-18 2011"]
[Site "Padron ESP"]
[Date "2011.07.31"]
[Round "9.1"]
[White "Coll Ortega, Jordi"]
[Black "Ladron De Guevara Pinto, Paolo"]
[Result "1-0"]
[WhiteElo "2303"]
[BlackElo "2269"]
[PlyCount "76"]
[EventDate "2011.07.25"]
[EventType "swiss"]
[EventRounds "9"]
[EventCountry "ESP"]
[Source "lmi"]
[SourceDate "2011.07.25"]

1. d4 e6 2. c4 Nf6 3. Nf3 Bb4+ 4. Bd2 c5 5. Bxb4 cxb4 6. Nbd2 O-O 7. e4 d6 8.
Bd3 Nbd7 9. O-O e5 10. a3 bxa3 11. Rxa3 g6 12. dxe5 dxe5 13. b4 Nh5 14. c5 Qe7
15. Nc4 Rd8 16. Qa1 f6 17. Nd6 a6 18. Bc4+ Kg7 19. Rd1 Rb8 20. g3 Nf8 21. Nh4
Be6 22. Be2 Kg8 23. Bxh5 gxh5 24. Nhf5 Qc7 25. Qc1 Bxf5 26. exf5 Kg7 27. Qc4
Rd7 28. Qh4 b6 29. Rxa6 bxc5 30. bxc5 Qxc5 31. Qxh5 Kg8 32. Ne4 Rxd1+ 33. Qxd1
Qc4 34. Nxf6+ Kh8 35. Ra4 Qc6 36. Ne4 Rc8 37. Qa1 Kg8 38. Rb4 Qd5 1-0

[Event "Campeonato de España sub-18 2011"]
[Site "Padron ESP"]
[Date "2011.07.31"]
[Round "9.2"]
[White "Fernandez Garcia, Jose Miguel"]
[Black "Alcaraz Ortega, Javier"]
[Result "1-0"]
[WhiteElo "2285"]
[BlackElo "2248"]
[PlyCount "85"]
[EventDate "2011.07.25"]
[EventType "swiss"]
[EventRounds "9"]
[EventCountry "ESP"]
[Source "lmi"]
[SourceDate "2011.07.25"]

1. e4 d5 2. exd5 Qxd5 3. Nc3 Qa5 4. Bc4 Nf6 5. d3 Bg4 6. f3 Bd7 7. Nge2 Nc6 8.
O-O e6 9. Kh1 a6 10. Bd2 Qc5 11. Ng3 b5 12. Bb3 Be7 13. Nce4 Qb6 14. Qe1 O-O
15. Nxf6+ Bxf6 16. c3 g6 17. Ne4 Bg7 18. Qh4 f6 19. Rae1 Na5 20. Be3 Qc6 21.
Bc2 Rae8 22. Nc5 Bc8 23. a4 Nb7 24. Qb4 Rf7 25. Ra1 Bf8 26. d4 Nxc5 27. dxc5
Qb7 28. Rfd1 c6 29. Rd2 Rd7 30. Rxd7 Qxd7 31. Rd1 Qc7 32. Qd4 Be7 33. axb5 Rd8
34. b6 Rxd4 35. bxc7 Rxd1+ 36. Bxd1 Kf7 37. Ba4 e5 38. Bxc6 Ke6 39. b4 f5 40.
c4 f4 41. Bf2 a5 42. b5 a4 43. b6 1-0

[Event "Campeonato de España sub-18 2011"]
[Site "Padron ESP"]
[Date "2011.07.31"]
[Round "9.3"]
[White "Forcen Esteban, Daniel"]
[Black "Arribas Lopez, Angel"]
[Result "1/2-1/2"]
[WhiteElo "2441"]
[BlackElo "2443"]
[PlyCount "80"]
[EventDate "2011.07.25"]
[EventType "swiss"]
[EventRounds "9"]
[EventCountry "ESP"]
[Source "lmi"]
[SourceDate "2011.07.25"]

1. e4 c5 2. Nf3 d6 3. d4 cxd4 4. Nxd4 Nf6 5. Nc3 e6 6. Bg5 Be7 7. Qd2 a6 8.
O-O-O O-O 9. Be2 b5 10. Bf3 Ra7 11. h4 Rd7 12. Rh3 Bb7 13. a3 Qc7 14. Rg3 Rc8
15. h5 Kf8 16. Bg4 Qa5 17. f3 b4 18. Na2 Rc4 19. Bxe6 fxe6 20. Nxe6+ Kf7 21.
Nxg7 Qe5 22. Bf4 Nxe4 23. fxe4 Qxe4 24. Bh6 Bf6 25. Rf1 Qe5 26. Bg5 Qxg3 27.
Rxf6+ Kxg7 28. Bh4 Rxc2+ 29. Kxc2 Qxg2 30. Qxg2+ Bxg2 31. h6+ Kg8 32. Nxb4 a5
33. Nd3 Nc6 34. Bg3 Be4 35. Bxd6 Rf7 36. Rxf7 Kxf7 37. Kc3 Kg6 38. Ne5+ Nxe5
39. Bxe5 a4 40. Bf4 Bd5 1/2-1/2

[Event "Campeonato de España sub-18 2011"]
[Site "Padron ESP"]
[Date "2011.07.31"]
[Round "9.4"]
[White "Pardo Simon, David"]
[Black "Colon Garcia, Enrique"]
[Result "1-0"]
[WhiteElo "2388"]
[BlackElo "2276"]
[PlyCount "105"]
[EventDate "2011.07.25"]
[EventType "swiss"]
[EventRounds "9"]
[EventCountry "ESP"]
[Source "lmi"]
[SourceDate "2011.07.25"]

1. d4 Nf6 2. Nf3 e6 3. e3 c5 4. Bd3 b6 5. O-O Bb7 6. c4 Be7 7. Nc3 cxd4 8. exd4
d6 9. d5 e5 10. Ng5 Nbd7 11. f4 Rc8 12. f5 O-O 13. Nge4 Nxe4 14. Nxe4 Nf6 15.
Qf3 b5 16. cxb5 Nxd5 17. f6 Qb6+ 18. Kh1 Nxf6 19. Nxf6+ Bxf6 20. Qg3 d5 21. Bf5
Rcd8 22. Bh6 Kh8 23. Qh3 g6 24. Bxf8 Rxf8 25. Bd7 e4 26. Bc6 Bxb2 27. Rab1 Bg7
28. Qd7 Bc8 29. Qxd5 f5 30. Rb3 Rd8 31. Qf7 Qf2 32. Rbb1 Qd4 33. Qb3 Qe5 34.
Rbd1 Rf8 35. Rfe1 h5 36. Qa3 Qc7 37. Rd6 Kh7 38. Red1 h4 39. Qe3 Qe7 40. a4 Rf7
41. a5 Bh6 42. Qb3 e3 43. Bf3 Rg7 44. Qd3 Bf4 45. Rd8 Be6 46. b6 axb6 47. a6 g5
48. Bb7 h3 49. a7 hxg2+ 50. Kg1 e2 51. Qxe2 Bxh2+ 52. Kxh2 Qc7+ 53. Kg1 1-0